00997cam a22002775a 4500001001000000003000400010005001700014008004100031020001800072020001500090040004000105082002000145100004600165245004900211250004300260260004800303300004000351500002900391504005100420650004400471651001000515653002200525942000800547999001700555952014700572016622751OSt20160530130455.0140129t2014 nyua frb 001 0 eng d a9781259060724 a1259060721 aStDuBDSbengcStDuBDSdUkdEG-SCBUE04222a616.89bNOL1 aNolen-Hoeksema, Susan,d1959-2013.94009410aAbnormal psychology /cSusan Nolen-Hoeksema. a6th ed., McGraw-Hill international ed. aNew York :bMcGraw-Hill Education,cc.2014. a(various pagings) :bill. ;c28 cm. aPrevious edition : 2011. aIncludes bibliographical references and index. 7aPsychology, Pathological.2BUEsh936168 2BUEsh bHHUUPPSScMay2016 2ddc c21826d21798 00102ddc40708AlahramaMAINbMAINc1STd2016-05-30ePurchaseg299.00l2o616.89 NOLp000032607r2025-07-15 00:00:00s2020-02-26v373.75yBB